Music Quiz

Random Music or Song Quiz

Long One-Word Band Names Quiz Stats

 Plays Quiz Updated Feb 13, 2019

Support Sporcle.
Go Orange.
Score 0/20 Timer 04:00
0 Plays Today
Song (Year) Band % Correct
Sweet Dreams (Are Made of This) (1983)Eurythmics
80.7%
Black Hole Sun (1994)Soundgarden
69.3%
Born to Be Wild (1968)Steppenwolf
66.8%
How You Remind Me (2001)Nickelback
62.8%
Here I Go Again (1982)Whitesnake
58.3%
Bring Me to Life (2003)Evanescence
55.3%
Cruel Summer (1983)Bananarama
48.9%
Tubthumping (1997)Chumbawamba
47.8%
The Logical Song (1979)Supertramp
45.7%
Virtual Insanity (1996)Jamiroquai
40.6%
Song (Year) Band % Correct
We've Only Just Begun (1970)Carpenters
40.3%
Too Shy (1983)Kajagoogoo
40%
The Reason (2004)Hoobastank
38.9%
Brick House (1977)Commodores
36.5%
Counting Stars (2013)OneRepublic
34.2%
Sail (2010)AWOLNATION
23.9%
Like a Stone (2002)Audioslave
22.7%
Dakota (2005)Stereophonics
16.9%
Marquee Moon (1977)Television
16.2%
Alright (1995)Supergrass
11.6%

You're not logged in!

Compare scores with friends on all Sporcle quizzes.
OR
Log In
Forgot?

From the Vault

Number Logic Challenge

by ButlerAndrew

We never knew that counting could be so difficult.
Remove Ads.
Support Sporcle.
Get the best of Sporcle when you Go Orange. This ad-free experience offers more features, more stats, and more fun while also helping to support Sporcle. Thank you for becoming a member.

Show Comments

Extras

Top Quizzes Today


Score Distribution

Your Account Isn't Verified!

In order to create a playlist on Sporcle, you need to verify the email address you used during registration. Go to your Sporcle Settings to finish the process.

Report this User

Report this user for behavior that violates our Community Guidelines.

Details: